Hong Kong - by Census 1986 Main Report

Na minha lista:
Detalhes bibliográficos
Formato: Livro
Idioma:inglês
Publicado em: Hong Kong Census and Statistics Department 1987
Edição:1. ed.
Tags: Adicionar Tag
Sem tags, seja o primeiro a adicionar uma tag!

MARC

LEADER 00000nam a2200000 4500
001 c027608
005 20221206140113.2
041 0 |a eng 
044 |a GB 
245 1 0 |a Hong Kong - by Census 1986  |b Main Report 
250 |a 1. ed. 
264 1 |a Hong Kong  |b Census and Statistics Department  |c 1987 
300 |a 234 s.